| 000 | 01185nam a2200325 i 4500 | ||
|---|---|---|---|
| 001 | 68299 | ||
| 003 | ES-MaACL | ||
| 005 | 20250822032535.0 | ||
| 007 | t| | ||
| 008 | 040616s2003 sp ||||0| spa d | ||
| 020 | _a84-323-1144-8 | ||
| 040 |
_aM-BN _bspa _cM-BN |
||
| 080 | _a575.8.01 | ||
| 080 | _a159.91 | ||
| 100 | 1 |
_aCastro Nogueira, Laureano. _936940 |
|
| 245 | 1 | 0 |
_aA la sombra de Darwin _b: las aproximaciones evolucionistas al comportamiento humano / _cpor Laureano Castro Nogueira, Carlos López-Fanjul de Argüelles y Miguel Angel Toro Ibáñez ; prólogo de Francisco J. Ayala. |
| 260 |
_aMadrid : _bSiglo XXI de España, _c[2003] |
||
| 300 |
_aX, 212 p ; _c21 cm. |
||
| 490 | 1 | _aCiencia | |
| 504 | _aIncluye referencias bibliográficas. | ||
| 650 | 7 |
_aEvolucionismo _2embne _912629 |
|
| 650 | 1 | 7 |
_aPsicología fisiológica _2embne _916565 |
| 700 | 1 |
_aLópez-Fanjul de Argüelles, Carlos. _973633 |
|
| 700 | 1 |
_aToro Ibáñez, Miguel Angel. _9110690 |
|
| 700 | 1 |
_aAyala, Francisco J., _d1934- _924116 |
|
| 830 | 0 |
_aCiencia _9178487 |
|
| 830 | 0 |
_aCiencia (Siglo XXI) _9119806 |
|
| 852 |
_aES-MaACL _jL-27981 _bR.133882 |
||
| 999 |
_c68299 _d68299 |
||